| 000 | 00566nam a2200193 i 4500 | ||
|---|---|---|---|
| 001 | 92942 | ||
| 003 | ES-MaACL | ||
| 005 | 20230906181106.0 | ||
| 007 | t| | ||
| 008 | 050331s1973 ve ||||1| spa d | ||
| 100 | 1 |
_aLiscano, Juan. _972533 |
|
| 245 | 1 | 0 |
_aPanorama de la literatura venezolana actual / _cJuan Liscano. |
| 260 |
_aCaracas : _bPublicaciones Españolas, _c1973. |
||
| 300 |
_a414 p. ; _c19 cm. |
||
| 490 | 1 | _aPensamiento de América | |
| 830 | 0 |
_aPensamiento de América _9232071 |
|
| 852 |
_aES-MaACL _jC-54976 _bR.87631 |
||
| 999 |
_c92942 _d92942 |
||